Chemeen A Linguistic Analysis of English Translations/ (Record no. 186137)

MARC details
000 -LEADER
fixed length control field 00505nam a22001817a 4500
005 - DATE AND TIME OF LATEST TRANSACTION
control field 20220215124152.0
010 ## - LCCN (DPL NO)
LC control number ENG-131590
020 ## - INTERNATIONAL STANDARD BOOK NUMBER
International Standard Book Number 9789354066528
Terms of availability 120.00
035 ## - SYSTEM CONTROL NUMBER
System control number EN-115122
037 ## - SOURCE OF ACQUISITION
Source of stock number/acquisition DBAD
082 ## - DEWEY DECIMAL CLASSIFICATION NUMBER
Classification number 480
100 ## - MAIN ENTRY--PERSONAL NAME
Personal name Ilavarsan, R.
245 ## - TITLE STATEMENT
Title Chemeen A Linguistic Analysis of English Translations/
Statement of responsibility, etc R. Ilavarasan
260 ## - PUBLICATION, DISTRIBUTION, ETC. (IMPRINT)
Place of publication, distribution, etc Kumbakonam
Name of publisher, distributor, etc Governent Arts College
Date of publication, distribution, etc 2020
270 ## - ADDRESS
City Kumbakonam
300 ## - PHYSICAL DESCRIPTION
Extent 99p.
Dimensions 21cm(pbk)
942 ## - ADDED ENTRY ELEMENTS (KOHA)
Source of classification or shelving scheme Dewey Decimal Classification
Item type English Books
Classification part 480
Call number suffix ILA
Holdings
Withdrawn status Lost status Not for loan Collection code Home library Current library Date acquired Source of acquisition Cost, normal purchase price Full call number Barcode Copy number Cost, replacement price Koha item type
      Non-fiction Bawana Bawana 15/02/2022 DBAD/PUB 120.00 480 ILA EN-115122 1 120.00 English Books

© Delhi Public Library
Hit Counter
free hit counter